| 000 | 00828nam a22002417a 4500 | ||
|---|---|---|---|
| 001 | 6338 | ||
| 003 | FISKH | ||
| 005 | 20250820101937.0 | ||
| 008 | 250422b cb ||||| |||| 00| 0 eng d | ||
| 020 | _a9780590420587 | ||
| 040 |
_aFISKH _beng _cFISKH _dFISKH |
||
| 050 | _aPZ8.S585 M | ||
| 082 | _a398.2 | ||
| 100 | _aSteptoe, John | ||
| 245 |
_aMufaro’s beautiful daughters: _bAn African tale / _cJohn Steptoe |
||
| 250 | _aFirst Scholastic printing, January 1989 | ||
| 260 |
_aNew York : _bScholastic, _c1987. |
||
| 300 |
_a32 unnumbered pages : _bcolor illustrations ; _c28 cm |
||
| 520 | _aMufaro's two beautiful daughters, one bad-tempered, one kind and sweet, go before the king, who is choosing a wife. | ||
| 650 |
_aAfrican American _vCinderella story _xFairy Tales |
||
| 942 |
_2ddc _cBK _n0 |
||
| 999 |
_c6338 _d6338 |
||